000 00391nam a2200181Ia 4500
005 20240823044239.0
008 240823s9999||||xx |||||||||||||| ||und||
041 _aENGLISH
082 _A823.914
100 _aMartin Obrien
245 0 _aJacoquot and the Angel
250 _a1st
260 _bS
500 _aTRANSFERED
650 _aStory
_bEnglish
942 _cBK
999 _c212115
_d212115